| 000 | 00558nam a22001817a 4500 | ||
|---|---|---|---|
| 005 | 20170728155115.0 | ||
| 010 | _aENG-119455 | ||
| 020 |
_a9789382749318 _c250.00 |
||
| 035 | _aEN-102987 | ||
| 037 | _bDBAD/PUB | ||
| 082 | _a881 | ||
| 100 | _aAjay M.K. | ||
| 245 |
_aClawing into water's skin / _cby M.K.,Ajay |
||
| 260 |
_aMumbai _bPoetrywala imprint of paperwall Media & Publishing _c2015 |
||
| 270 |
_aD1201,Octacrest,LokhandwalaTownship,Kandivali _bMumbai _e400101 |
||
| 300 |
_aix,93p. _b _c22cm(pbk) |
||
| 942 |
_2ddc _cEN _h881 _mAJY |
||
| 999 |
_c142973 _d142973 |
||